[Event "v4camp2016"]
[Site "?"]
[Date "2016.06.25"]
[Round "7.23"]
[White "Grimm, Balazs"]
[Black "Fortiak, Samuel"]
[Result "1-0"]
[BlackElo "1503"]
[WhiteElo "1566"]
[LiveChessVersion "1.4.8"]

1. e4 {[%clk 1:30:59]} e5 {[%clk 1:30:31]} 2. Nc3 {[%clk 1:31:23]} Nf6
{[%clk 1:27:38]} 3. f4 {[%clk 1:31:25]} d6 {[%clk 1:27:15]} 4. Nf3
{[%clk 1:31:39]} exf4 {[%clk 1:18:26]} 5. d4 {[%clk 1:29:52]} Bg4
{[%clk 1:15:16]} 6. Bxf4 {[%clk 1:29:07]} a6 {[%clk 1:13:49]} 7. Bc4
{[%clk 1:28:44]} Nc6 {[%clk 1:09:33]} 8. Qd2 {[%clk 1:26:51]} Qd7
{[%clk 0:59:59]} 9. O-O-O {[%clk 1:26:33]} O-O-O {[%clk 0:59:03]} 10. d5
{[%clk 1:25:43]} Ne5 {[%clk 0:56:32]} 11. Bxe5 {[%clk 1:25:21]} Bxf3
{[%clk 0:53:42]} 12. Bxf6 {[%clk 1:25:28]} gxf6 {[%clk 0:51:06]} 13. gxf3
{[%clk 1:25:52]} f5 {[%clk 0:49:46]} 14. Qd4 {[%clk 1:25:24]} fxe4
{[%clk 0:47:12]} 15. fxe4 {[%clk 1:25:42]} Kb8 {[%clk 0:46:26]} 16. Kb1
{[%clk 1:26:01]} Rg8 {[%clk 0:44:51]} 17. Rhg1 {[%clk 1:25:49]} Bh6
{[%clk 0:42:28]} 18. Qf6 {[%clk 1:24:14]} Rg6 {[%clk 0:40:21]} 19. Rxg6
{[%clk 1:24:30]} hxg6 {[%clk 0:40:34]} 20. Rf1 {[%clk 1:23:11]} Rf8
{[%clk 0:36:54]} 21. Qh4 {[%clk 1:20:14]} Rh8 {[%clk 0:36:18]} 22. Qg3
{[%clk 1:20:12]} Bg7 {[%clk 0:36:23]} 23. a3 {[%clk 1:20:09]} Rh3
{[%clk 0:35:29]} 24. Rxf7 {[%clk 1:13:12]} Rxg3 {[%clk 0:33:57]} 25. Rxd7
{[%clk 1:13:29]} Rg1+ {[%clk 0:33:55]} 26. Ka2 {[%clk 1:13:52]} Bxc3
{[%clk 0:33:50]} 27. bxc3 {[%clk 1:14:13]} Rg2 {[%clk 0:33:53]} 28. Kb3
{[%clk 1:14:36]} Rxh2 {[%clk 0:33:38]} 29. Rg7 {[%clk 1:14:58]} Rg2
{[%clk 0:33:50]} 30. Bf1 {[%clk 1:15:13]} Rg3 {[%clk 0:30:31]} 31. Be2
{[%clk 1:14:58]} Re3 {[%clk 0:30:19]} 32. Bd3 {[%clk 1:15:07]} Rg3
{[%clk 0:29:07]} 33. e5 {[%clk 1:15:23]} dxe5 {[%clk 0:29:01]} 34. Rxg6
{[%clk 1:15:47]} Re3 {[%clk 0:21:03]} 35. Re6 {[%clk 1:15:49]} Kc8
{[%clk 0:20:48]} 36. Bf5 {[%clk 1:15:25]} Kd8 {[%clk 0:15:55]} 37. Kb2
{[%clk 1:15:04]} Re1 {[%clk 0:14:43]} 38. c4 {[%clk 1:14:26]} 1-0

[Event "v4camp2016"]
[Site "?"]
[Date "2016.06.25"]
[Round "7.24"]
[White "Niczyporuk, Jakub"]
[Black "Meszaros, Marta Mira"]
[Result "1-0"]
[BlackElo "1190"]
[WhiteElo "1227"]
[LiveChessVersion "1.4.8"]

1. c4 {[%clk 1:30:49]} c5 {[%clk 1:30:50]} 2. Nc3 {[%clk 1:30:49]} Nc6
{[%clk 1:31:10]} 3. Nf3 {[%clk 1:30:08]} g6 {[%clk 1:31:29]} 4. e3
{[%clk 1:28:30]} Bg7 {[%clk 1:29:42]} 5. d4 {[%clk 1:24:56]} cxd4
{[%clk 1:28:28]} 6. exd4 {[%clk 1:24:17]} d6 {[%clk 1:27:08]} 7. h3
{[%clk 1:22:51]} Nf6 {[%clk 1:26:57]} 8. Be3 {[%clk 1:21:00]} O-O
{[%clk 1:27:02]} 9. Bd3 {[%clk 1:19:27]} d5 {[%clk 1:23:09]} 10. c5
{[%clk 1:15:17]} b6 {[%clk 1:17:02]} 11. Bb5 {[%clk 1:13:32]} Bd7
{[%clk 1:14:10]} 12. Qa4 {[%clk 1:11:51]} Qc7 {[%clk 1:11:33]} 13. O-O
{[%clk 1:05:16]} a6 {[%clk 1:03:54]} 14. Bxc6 {[%clk 1:00:54]} Bxc6
{[%clk 1:04:05]} 15. Qb3 {[%clk 1:00:32]} bxc5 {[%clk 1:03:27]} 16. dxc5
{[%clk 1:00:26]} Rab8 {[%clk 1:01:30]} 17. Qc2 {[%clk 0:59:33]} Ne4
{[%clk 0:57:00]} 18. Rab1 {[%clk 0:54:06]} Qd7 {[%clk 0:51:31]} 19. Bf4
{[%clk 0:51:12]} Rb7 {[%clk 0:49:49]} 20. Ne5 {[%clk 0:49:51]} Qe6
{[%clk 0:47:23]} 21. Nxc6 {[%clk 0:47:16]} Qxc6 {[%clk 0:46:47]} 22. Nxe4
{[%clk 0:46:12]} dxe4 {[%clk 0:46:34]} 23. Rfe1 {[%clk 0:44:52]} Rb5
{[%clk 0:41:01]} 24. Qxe4 {[%clk 0:42:04]} Qxc5 {[%clk 0:40:53]} 25. Qxe7
{[%clk 0:41:42]} Qc4 {[%clk 0:40:36]} 26. Bd6 {[%clk 0:39:55]} Qxa2
{[%clk 0:33:49]} 27. Qd7 {[%clk 0:38:03]} Rd5 {[%clk 0:30:14]} 28. Qc6
{[%clk 0:35:49]} Rxd6 {[%clk 0:24:36]} 29. Qxd6 {[%clk 0:35:14]} Qa4
{[%clk 0:23:13]} 30. Qa3 {[%clk 0:32:24]} Qb5 {[%clk 0:23:20]} 31. b3
{[%clk 0:31:32]} a5 {[%clk 0:22:44]} 32. Qa4 {[%clk 0:31:33]} Qb8
{[%clk 0:21:14]} 33. Qxa5 {[%clk 0:31:03]} Qc8 {[%clk 0:19:57]} 34. b4
{[%clk 0:30:08]} h5 {[%clk 0:18:53]} 35. Qc5 {[%clk 0:29:41]} Qxc5
{[%clk 0:18:01]} 36. bxc5 {[%clk 0:29:57]} Rc8 {[%clk 0:18:05]} 37. Rbc1
{[%clk 0:29:54]} Bd4 {[%clk 0:17:43]} 38. c6 {[%clk 0:30:04]} Bb6
{[%clk 0:17:52]} 39. Re7 {[%clk 0:29:49]} Bd8 {[%clk 0:17:19]} 40. Re8+
{[%clk 0:29:56]} Kg7 {[%clk 0:17:20]} 41. Rd1 {[%clk 0:30:10]} Rxc6
{[%clk 0:17:16]} 42. Rexd8 {[%clk 0:30:07]} Rb6 {[%clk 0:17:01]} 43. R8d7
{[%clk 0:30:18]} Rb5 {[%clk 0:17:02]} 44. Rc1 {[%clk 0:30:20]} Re5
{[%clk 0:17:02]} 45. Rcc7 {[%clk 0:30:29]} Rf5 {[%clk 0:17:19]} 46. g3
{[%clk 0:30:14]} Rf3 {[%clk 0:17:13]} 47. Kg2 {[%clk 0:30:37]} Rf5
{[%clk 0:17:23]} 48. g4 {[%clk 0:30:40]} hxg4 {[%clk 0:17:34]} 49. hxg4
{[%clk 0:31:07]} Rf4 {[%clk 0:17:37]} 50. Kg3 {[%clk 0:31:23]} Rf6
{[%clk 0:17:40]} 51. f4 {[%clk 0:31:21]} Kf8 {[%clk 0:17:05]} 52. Ra7
{[%clk 0:30:47]} Kg7 {[%clk 0:17:20]} 53. Ra8 {[%clk 0:31:00]} Re6
{[%clk 0:16:54]} 54. g5 {[%clk 0:30:18]} Rc6 {[%clk 0:14:56]} 55. Rdd8
{[%clk 0:30:25]} f5 {[%clk 0:14:51]} 56. Rd7# 1-0

[Event "v4camp2016"]
[Site "?"]
[Date "2016.06.25"]
[Round "7.25"]
[White "Brnusak, Andrej"]
[Black "Durica, Adam"]
[Result "0-1"]
[BlackElo "1761"]
[WhiteElo "1668"]
[LiveChessVersion "1.4.8"]

1. e4 {[%clk 1:30:58]} d6 {[%clk 1:30:49]} 2. d4 {[%clk 1:31:01]} c6
{[%clk 1:31:13]} 3. Nf3 {[%clk 1:29:34]} Bg4 {[%clk 1:31:28]} 4. Be2
{[%clk 1:26:10]} Nd7 {[%clk 1:31:41]} 5. O-O {[%clk 1:25:06]} g6 {[%clk 1:31:48]}
6. h3 {[%clk 1:23:41]} Bxf3 {[%clk 1:32:09]} 7. Bxf3 {[%clk 1:24:03]} Bg7
{[%clk 1:32:32]} 8. Be3 {[%clk 1:21:48]} Qc7 {[%clk 1:32:16]} 9. Nd2
{[%clk 1:17:51]} e5 {[%clk 1:30:16]} 10. Nc4 {[%clk 1:13:03]} O-O-O
{[%clk 1:27:50]} 11. c3 {[%clk 1:07:18]} Ne7 {[%clk 1:27:46]} 12. Qa4
{[%clk 1:01:17]} a6 {[%clk 1:24:28]} 13. dxe5 {[%clk 0:57:22]} Bxe5
{[%clk 1:24:25]} 14. Be2 {[%clk 0:48:29]} d5 {[%clk 1:21:29]} 15. exd5
{[%clk 0:44:47]} Nxd5 {[%clk 1:21:48]} 16. Nxe5 {[%clk 0:41:43]} Nxe5
{[%clk 1:21:51]} 17. Bd4 {[%clk 0:39:28]} Rhe8 {[%clk 1:22:10]} 18. Bxe5
{[%clk 0:31:46]} Rxe5 {[%clk 1:21:27]} 19. Bf3 {[%clk 0:29:53]} f5
{[%clk 1:19:12]} 20. Bxd5 {[%clk 0:28:22]} Rdxd5 {[%clk 1:18:02]} 21. Rad1
{[%clk 0:26:01]} Rxd1 {[%clk 1:14:23]} 22. Rxd1 {[%clk 0:26:16]} Re4
{[%clk 1:13:48]} 23. Qb3 {[%clk 0:24:52]} Kb8 {[%clk 1:14:10]} 24. Qg8+
{[%clk 0:22:09]} Ka7 {[%clk 1:14:33]} 25. Qb3 {[%clk 0:19:27]} g5
{[%clk 1:13:20]} 26. Qc2 {[%clk 0:17:57]} Qe5 {[%clk 1:11:03]} 27. Kf1
{[%clk 0:14:58]} g4 {[%clk 1:09:30]} 28. hxg4 {[%clk 0:13:58]} fxg4
{[%clk 1:07:55]} 29. g3 {[%clk 0:12:12]} h5 {[%clk 1:06:51]} 30. Qd2
{[%clk 0:10:14]} h4 {[%clk 1:00:27]} 31. Qd6 {[%clk 0:08:36]} Re1+
{[%clk 1:00:08]} 32. Rxe1 {[%clk 0:05:51]} Qxd6 {[%clk 1:00:30]} 33. gxh4
{[%clk 0:06:00]} Qh2 {[%clk 1:00:51]} 34. Re3 {[%clk 0:05:38]} Qxh4
{[%clk 1:01:04]} 35. Kg2 {[%clk 0:05:12]} Qh5 {[%clk 1:00:47]} 36. a3
{[%clk 0:04:28]} b5 {[%clk 1:00:59]} 37. Kg1 {[%clk 0:01:50]} Kb6
{[%clk 1:01:03]} 38. Kg2 {[%clk 0:01:27]} a5 {[%clk 1:00:05]} 39. f4
{[%clk 0:01:03]} gxf3+ {[%clk 1:00:28]} 40. Rxf3 {[%clk 0:01:22]} Qg5+
{[%clk 1:00:06]} 41. Kh3 {[%clk 0:00:58]} Qd2 {[%clk 1:00:26]} 42. b4
{[%clk 0:01:07]} a4 {[%clk 1:00:49]} 0-1

[Event "v4camp2016"]
[Site "?"]
[Date "2016.06.25"]
[Round "7.26"]
[White "Holly, Andrej"]
[Black "Pogadl, Martin"]
[Result "1-0"]
[BlackElo "1464"]
[WhiteElo "1752"]
[LiveChessVersion "1.4.8"]

1. d4 {[%clk 1:30:53]} f5 {[%clk 1:30:55]} 2. e4 {[%clk 1:30:54]} d5
{[%clk 1:27:15]} 3. e5 {[%clk 1:30:55]} e6 {[%clk 1:27:23]} 4. Nf3
{[%clk 1:30:12]} Bd7 {[%clk 1:26:36]} 5. Bd3 {[%clk 1:28:00]} c5 {[%clk 1:25:11]}
6. c3 {[%clk 1:27:49]} Nc6 {[%clk 1:20:37]} 7. Be3 {[%clk 1:26:35]} Qb6
{[%clk 1:17:55]} 8. Qd2 {[%clk 1:22:08]} h6 {[%clk 1:16:28]} 9. h4
{[%clk 1:20:39]} O-O-O {[%clk 1:15:21]} 10. Be2 {[%clk 1:19:36]} Be7
{[%clk 1:09:37]} 11. a3 {[%clk 1:14:44]} c4 {[%clk 1:07:30]} 12. Qc2
{[%clk 1:05:35]} Rf8 {[%clk 1:01:17]} 13. g3 {[%clk 1:03:42]} Na5
{[%clk 0:55:32]} 14. Nbd2 {[%clk 1:03:23]} Kb8 {[%clk 0:54:32]} 15. Rb1
{[%clk 1:00:37]} Qa6 {[%clk 0:48:31]} 16. b4 {[%clk 0:58:57]} Nb3
{[%clk 0:46:07]} 17. Qxb3 {[%clk 0:56:37]} cxb3 {[%clk 0:46:18]} 18. Bxa6
{[%clk 0:57:03]} bxa6 {[%clk 0:46:41]} 19. Nxb3 {[%clk 0:56:48]} Ka8
{[%clk 0:45:27]} 20. Rc1 {[%clk 0:49:38]} Bb5 {[%clk 0:45:17]} 21. Nfd2
{[%clk 0:48:00]} Rc8 {[%clk 0:44:49]} 22. Nc5 {[%clk 0:46:57]} Bxc5
{[%clk 0:44:39]} 23. bxc5 {[%clk 0:46:41]} Ne7 {[%clk 0:44:37]} 24. c4
{[%clk 0:46:14]} Bc6 {[%clk 0:44:39]} 25. Rg1 {[%clk 0:44:57]} g6
{[%clk 0:44:18]} 26. cxd5 {[%clk 0:44:49]} Nxd5 {[%clk 0:44:24]} 27. Ke2
{[%clk 0:43:08]} Rcg8 {[%clk 0:41:01]} 28. Nc4 {[%clk 0:41:47]} Bb5
{[%clk 0:37:52]} 29. Kf3 {[%clk 0:41:46]} Bc6 {[%clk 0:37:05]} 30. Ke2
{[%clk 0:39:40]} Bb5 {[%clk 0:37:17]} 31. Kd2 {[%clk 0:40:00]} Bxc4
{[%clk 0:35:18]} 32. Rxc4 {[%clk 0:39:59]} Rc8 {[%clk 0:34:54]} 33. Rb1
{[%clk 0:38:22]} Rc6 {[%clk 0:34:42]} 34. Rc2 {[%clk 0:37:07]} Rh7
{[%clk 0:34:05]} 35. Rcb2 {[%clk 0:36:52]} Rc8 {[%clk 0:34:19]} 36. a4
{[%clk 0:35:25]} h5 {[%clk 0:32:32]} 37. Kd3 {[%clk 0:34:49]} Rhc7
{[%clk 0:32:10]} 38. Bd2 {[%clk 0:34:55]} Rh7 {[%clk 0:31:58]} 39. Bb4
{[%clk 0:34:28]} Rc6 {[%clk 0:31:47]} 40. Ba5 {[%clk 0:32:31]} Rc8
{[%clk 0:30:43]} 41. Bb4 {[%clk 0:31:56]} Rc6 {[%clk 0:31:00]} 42. Ba3
{[%clk 0:31:36]} Rc8 {[%clk 0:31:01]} 43. a5 {[%clk 0:31:30]} Rhc7
{[%clk 0:30:12]} 44. Rb3 {[%clk 0:31:40]} Rh7 {[%clk 0:29:43]} 45. c6
{[%clk 0:30:28]} Rhc7 {[%clk 0:27:36]} 46. Bd6 {[%clk 0:30:53]} 1-0

[Event "v4camp2016"]
[Site "?"]
[Date "2016.06.25"]
[Round "7.27"]
[White "Taragelova, Martina"]
[Black "Brnusak, Tomas"]
[Result "1-0"]
[BlackElo "1600"]
[WhiteElo "1656"]
[LiveChessVersion "1.4.8"]

1. e4 {[%clk 1:30:58]} c5 {[%clk 1:30:41]} 2. Nf3 {[%clk 1:31:17]} e6
{[%clk 1:30:40]} 3. d4 {[%clk 1:31:30]} cxd4 {[%clk 1:30:56]} 4. Nxd4
{[%clk 1:31:49]} Nc6 {[%clk 1:30:59]} 5. Nc3 {[%clk 1:32:10]} Qc7
{[%clk 1:30:50]} 6. Be3 {[%clk 1:30:57]} a6 {[%clk 1:29:53]} 7. Qd2
{[%clk 1:26:06]} Nf6 {[%clk 1:25:51]} 8. f3 {[%clk 1:22:16]} Bb4 {[%clk 1:20:58]}
9. a3 {[%clk 1:17:08]} Ba5 {[%clk 1:19:57]} 10. Be2 {[%clk 1:10:02]} d5
{[%clk 1:17:11]} 11. Nxc6 {[%clk 1:01:06]} bxc6 {[%clk 1:15:00]} 12. b4
{[%clk 1:00:07]} Bb6 {[%clk 1:14:50]} 13. exd5 {[%clk 0:55:22]} Bxe3
{[%clk 1:13:31]} 14. Qxe3 {[%clk 0:55:33]} cxd5 {[%clk 1:13:15]} 15. O-O
{[%clk 0:53:54]} Bd7 {[%clk 1:12:05]} 16. Rfc1 {[%clk 0:47:40]} O-O
{[%clk 1:09:10]} 17. Nd1 {[%clk 0:44:08]} e5 {[%clk 1:07:53]} 18. Nf2
{[%clk 0:43:01]} Be6 {[%clk 1:04:33]} 19. Bd3 {[%clk 0:38:32]} Nh5
{[%clk 0:55:21]} 20. Re1 {[%clk 0:36:14]} f6 {[%clk 0:53:38]} 21. g3
{[%clk 0:33:58]} g6 {[%clk 0:52:14]} 22. Qe2 {[%clk 0:31:59]} a5 {[%clk 0:49:01]}
23. b5 {[%clk 0:28:45]} Ng7 {[%clk 0:45:59]} 24. Rec1 {[%clk 0:24:30]} Bf5
{[%clk 0:44:37]} 25. a4 {[%clk 0:21:17]} Qb6 {[%clk 0:43:04]} 26. c4
{[%clk 0:17:03]} Bxd3 {[%clk 0:42:02]} 27. Qxd3 {[%clk 0:17:21]} dxc4
{[%clk 0:41:50]} 28. Qxc4+ {[%clk 0:17:37]} Kh8 {[%clk 0:42:11]} 29. Qc5
{[%clk 0:16:03]} Qe6 {[%clk 0:41:56]} 30. Ne4 {[%clk 0:13:35]} Nf5
{[%clk 0:40:40]} 31. Qc6 {[%clk 0:11:36]} Qe7 {[%clk 0:38:37]} 32. Qc7
{[%clk 0:10:37]} Qb4 {[%clk 0:37:47]} 33. Qc5 {[%clk 0:07:29]} Qd4+
{[%clk 0:37:55]} 34. Kh1 {[%clk 0:05:13]} Qd3 {[%clk 0:37:43]} 35. Qc3
{[%clk 0:04:57]} Qd4 {[%clk 0:37:26]} 36. Rd1 {[%clk 0:03:04]} Qxc3
{[%clk 0:37:33]} 37. Nxc3 {[%clk 0:03:25]} Rac8 {[%clk 0:37:47]} 38. Ne4
{[%clk 0:02:36]} Nd4 {[%clk 0:37:28]} 39. f4 {[%clk 0:02:19]} Nb3
{[%clk 0:37:28]} 40. Rab1 {[%clk 0:01:56]} Nc5 {[%clk 0:37:47]} 41. Nxc5
{[%clk 0:02:13]} Rxc5 {[%clk 0:38:03]} 42. Rbc1 {[%clk 0:02:20]} Rxc1
{[%clk 0:37:49]} 43. Rxc1 {[%clk 0:02:45]} e4 {[%clk 0:38:12]} 44. Rc6
{[%clk 0:01:18]} f5 {[%clk 0:38:32]} 45. Ra6 {[%clk 0:01:08]} Kg7
{[%clk 0:38:56]} 46. Rxa5 {[%clk 0:01:25]} Kh6 {[%clk 0:39:18]} 47. Ra6
{[%clk 0:01:33]} Rb8 {[%clk 0:39:31]} 48. Kg2 {[%clk 0:01:35]} Kh5
{[%clk 0:39:53]} 49. b6 {[%clk 0:01:20]} Rb7 {[%clk 0:39:58]} 50. a5
{[%clk 0:01:37]} Rd7 {[%clk 0:40:01]} 51. Ra7 {[%clk 0:00:58]} Rd2+
{[%clk 0:40:23]} 52. Kh3 {[%clk 0:01:14]} h6 {[%clk 0:40:21]} 53. Re7
{[%clk 0:00:55]} g5 {[%clk 0:40:21]} 54. fxg5 {[%clk 0:00:41]} hxg5
{[%clk 0:40:40]} 55. g4+ {[%clk 0:00:50]} fxg4+ {[%clk 0:40:43]} 56. Kg3
{[%clk 0:01:09]} Rd3+ {[%clk 0:41:05]} 57. Kf2 {[%clk 0:01:18]} Rd2+
{[%clk 0:41:25]} 58. Ke1 {[%clk 0:01:37]} Ra2 {[%clk 0:41:21]} 59. b7
{[%clk 0:01:40]} Rxa5 {[%clk 0:41:30]} 60. b8=Q {[%clk 0:01:58]} Ra1+
{[%clk 0:41:45]} 61. Ke2 {[%clk 0:02:17]} 1-0

[Event "v4camp2016"]
[Site "?"]
[Date "2016.06.25"]
[Round "7.28"]
[White "Korenova, Simona"]
[Black "Datelova, Daniela"]
[Result "1-0"]
[BlackElo "1331"]
[WhiteElo "1530"]
[LiveChessVersion "1.4.8"]

1. d4 {[%clk 1:30:30]} d5 {[%clk 1:30:30]} 2. c4 {[%clk 1:30:30]} c6
{[%clk 1:30:30]} 3. Nc3 {[%clk 1:30:30]} Nf6 {[%clk 1:30:30]} 4. e3
{[%clk 1:30:51]} Bf5 {[%clk 1:30:44]} 5. Nf3 {[%clk 1:30:54]} Nbd7
{[%clk 1:31:00]} 6. Qb3 {[%clk 1:27:58]} dxc4 {[%clk 1:27:15]} 7. Bxc4
{[%clk 1:28:10]} e6 {[%clk 1:26:23]} 8. Qxb7 {[%clk 1:26:01]} c5 {[%clk 1:25:02]}
9. Nb5 {[%clk 1:21:48]} Rc8 {[%clk 1:21:01]} 10. Qxa7 {[%clk 1:15:23]} cxd4
{[%clk 1:20:09]} 11. Qxd4 {[%clk 1:14:21]} Bb4+ {[%clk 1:20:19]} 12. Bd2
{[%clk 1:12:26]} Bxd2+ {[%clk 1:19:26]} 13. Nxd2 {[%clk 1:12:25]} O-O
{[%clk 1:17:55]} 14. O-O {[%clk 1:11:42]} e5 {[%clk 1:16:04]} 15. Qc3
{[%clk 1:08:07]} Nc5 {[%clk 1:14:42]} 16. Rfd1 {[%clk 1:03:00]} Qe7
{[%clk 1:12:37]} 17. b4 {[%clk 0:57:21]} Nce4 {[%clk 1:11:23]} 18. Nxe4
{[%clk 0:56:43]} Nxe4 {[%clk 1:11:39]} 19. Qb3 {[%clk 0:56:48]} Qg5
{[%clk 1:11:26]} 20. Bd5 {[%clk 0:51:32]} h5 {[%clk 1:06:11]} 21. Rac1
{[%clk 0:42:01]} h4 {[%clk 0:57:42]} 22. Rxc8 {[%clk 0:40:41]} Rxc8
{[%clk 0:57:30]} 23. Bxf7+ {[%clk 0:40:34]} Kh8 {[%clk 0:57:50]} 24. Bd5
{[%clk 0:37:24]} Nxf2 {[%clk 0:53:42]} 25. Nd6 {[%clk 0:23:57]} Qf6
{[%clk 0:48:58]} 26. Nxc8 {[%clk 0:22:56]} Nxd1 {[%clk 0:49:12]} 27. Qxd1
{[%clk 0:23:16]} Bxc8 {[%clk 0:49:29]} 28. Qh5+ {[%clk 0:23:34]} Qh6
{[%clk 0:49:29]} 29. Qe8+ {[%clk 0:23:29]} Kh7 {[%clk 0:48:54]} 30. Bg8+
{[%clk 0:23:28]} Kh8 {[%clk 0:49:17]} 31. Bf7+ {[%clk 0:23:54]} Kh7
{[%clk 0:49:40]} 32. Qg8# 1-0